| 000 | 00680nam a2200205Ia 4500 | ||
|---|---|---|---|
| 003 | GCL | ||
| 008 | 140319s9999 xx 000 0 ara d | ||
| 020 | _a6058914977 | ||
| 040 |
_aGCL / _cGCL |
||
| 082 | 0 | 4 |
_a219.5 _bم ا |
| 100 | 1 | _aمحمد الغزالى | |
| 245 | 1 | 0 |
_aالاسلام والمناهج الاشتراكية / _cمحمد الغزالى |
| 260 |
_aالقاهرة : _bدار الكتاب العربى ، _c1997 |
||
| 300 |
_a183 ص ؛ _c24 سم |
||
| 490 |
_aمحمد الغزالى _v7 |
||
| 650 | 0 | 4 | _aالاسلام |
| 650 | 0 | 4 | _aالاسلام والمذاهب الاقتصادية |
| 650 | 0 | 4 | _aالاسلام والاشتراكية |
| 942 |
_2ddc _cBK |
||
| 999 |
_c42023 _d42023 |
||